000 00510nam a2200181Ia 4500
008 240925s9999 xx 000 0 und d
020 _a136190995
082 _a005.276 LAN
100 _aLang, Zane
245 0 _aActive X All In One: a web developer's guide
250 _aNA
260 _aNew Jersey:
_bPrintice- Hall Int.
_c,1998.
300 _axxvi,652p.
_bNA
_fOriginal
500 _aIncludes Index
600 _aComputer Science
650 _aComputer science, information & general works
942 _cBK
999 _c5171
_d5171